বাংলা গ্রামার - N5 : Bangla grammar for JLPT / NAT. level - N5 /
| Main Author: | |
|---|---|
| Format: | Book |
| Language: | Bengali English Japanese |
| Published: |
ঢাকা :
সাকিব বুক সেন্টার,
২০২৫.
|
| Edition: | সপ্তম সংস্করণ |
| Subjects: | |
| Classic Catalogue: | View this record in Classic Catalogue |
| LEADER | 03585nam a22003497a 4500 | ||
|---|---|---|---|
| 001 | 45051 | ||
| 003 | BD-DhAAL | ||
| 005 | 20251111154936.0 | ||
| 008 | 251111t2025 bg a|||| |||| 00| 0 ben d | ||
| 040 | |a BD-DhAAL |c BD-DhAAL | ||
| 041 | |a ben |a eng |a jpn | ||
| 082 | |a 495.65 |2 23 | ||
| 100 | |a Islam, Aminul, |e author. | ||
| 245 | |a বাংলা গ্রামার - N5 : |b Bangla grammar for JLPT / NAT. level - N5 / |c written and edited by Aminul Islam. | ||
| 246 | 3 | 8 | |a Minna no nihongo - N5 : |b Bangla grammar for JLPT / NAT. level - N5 |
| 250 | |a সপ্তম সংস্করণ | ||
| 260 | |a ঢাকা : |b সাকিব বুক সেন্টার, |c ২০২৫. | ||
| 300 | |a ২৭০ পৃষ্ঠা : |b চিত্র ; |c ২৪ সে.মি. | ||
| 500 | |a সম্পূর্ণ বাংলা ও ইংরেজি অর্থসহ শব্দার্থ, ব্যাকরণ এবং কানজি। | ||
| 500 | |a Learn Japanese & speak Japanese | ||
| 526 | |a CSE |x Annajiat Alim Rasel Senior Lecturer Department of Computer Science and Engineering BRAC University Course Name : Japanese Language and General for ITEE (JPN 101) | ||
| 541 | |a Book Finder International |e 45051, 45052, 45053, 45054, 45055 | ||
| 650 | |a Japanese language |x Grammar. |9 59307 | ||
| 650 | |a Japanese language |x Spoken Japanese. |9 59311 | ||
| 852 | |a Ayesha Abed Library |c General Stacks | ||
| 942 | |c BK |2 ddc | ||
| 999 | |c 47633 |d 47633 | ||
| 952 | |0 0 |1 0 |2 ddc |4 0 |6 495_650000000000000_ISL |7 0 |9 78472 |a BRACUL |b BRACUL |c NEW |d 2025-11-04 |e Book Finder International |g 432.00 |l 1 |m 4 |o 495.65 ISL |p 3010045051 |r 2026-02-23 |s 2026-01-19 |t 1 |v 864.00 |w 2025-11-04 |y BK |x Requisitioned by Annajiat Alim Rasel (Senior Lecturer, Department of Computer Science and Engineering, BRAC University) for the course named - 'Japanese Language and General for ITEE (JPN 101)' | ||
| 952 | |0 0 |1 0 |2 ddc |4 0 |6 495_650000000000000_ISL |7 0 |9 78473 |a BRACUL |b BRACUL |c GEN |d 2025-11-04 |e Book Finder International |g 432.00 |l 0 |o 495.65 ISL |p 3010045054 |r 2025-11-04 |t 4 |v 864.00 |w 2025-11-04 |y BK |x Requisitioned by Annajiat Alim Rasel (Senior Lecturer, Department of Computer Science and Engineering, BRAC University) for the course named - 'Japanese Language and General for ITEE (JPN 101)' | ||
| 952 | |0 0 |1 0 |2 ddc |4 0 |6 495_650000000000000_ISL |7 0 |9 78474 |a BRACUL |b BRACUL |c GEN |d 2025-11-04 |e Book Finder International |g 432.00 |l 0 |o 495.65 ISL |p 3010045055 |r 2025-11-04 |t 5 |v 864.00 |w 2025-11-04 |y BK |x Requisitioned by Annajiat Alim Rasel (Senior Lecturer, Department of Computer Science and Engineering, BRAC University) for the course named - 'Japanese Language and General for ITEE (JPN 101)' | ||
| 952 | |0 0 |1 0 |2 ddc |4 0 |6 495_650000000000000_ISL |7 0 |9 78475 |a BRACUL |b BRACUL |c GEN |d 2025-11-04 |e Book Finder International |g 432.00 |l 1 |o 495.65 ISL |p 3010045053 |q 2026-06-02 |r 2026-05-18 |s 2026-05-18 |t 3 |v 864.00 |w 2025-11-04 |y BK |x Requisitioned by Annajiat Alim Rasel (Senior Lecturer, Department of Computer Science and Engineering, BRAC University) for the course named - 'Japanese Language and General for ITEE (JPN 101)' | ||
| 952 | |0 0 |1 0 |2 ddc |4 0 |6 495_650000000000000_ISL |7 0 |9 78476 |a BRACUL |b BRACUL |c CIR |d 2025-11-04 |e Book Finder International |g 432.00 |l 0 |o 495.65 ISL |p 3010045052 |r 2025-11-04 |t 2 |v 864.00 |w 2025-11-04 |y 1HOUR |x Requisitioned by Annajiat Alim Rasel (Senior Lecturer, Department of Computer Science and Engineering, BRAC University) for the course named - 'Japanese Language and General for ITEE (JPN 101)' ; As instructed by the University Librarian, the book has been placed on a one hour loan period following the receipt of five copies. | ||